Top 20 Men's and Women's Basketball Teams (FIBA Rankings) - Statistics

General Stats
  • This quiz has been taken 228 times
  • The average score is 27 of 40
Answer Stats
Rank Answer % Correct
1 United States
100%
1 United States
100%
2 Spain
97%
2 Spain
97%
4 France
94%
3 France
94%
6 Argentina
89%
16 Argentina
89%
7 Brazil
87%
8 Brazil
87%
10 Australia
85%
4 Australia
85%
9 Russia
85%
11 Russia
85%
6 Canada
83%
14 China
80%
10 China
80%
13 Japan
79%
3 Serbia
78%
9 Serbia
78%
13 Greece
77%
20 Greece
77%
19 Mexico
71%
5 Lithuania
66%
11 Croatia
62%
19 Croatia
62%
8 Turkey
62%
7 Turkey
62%
12 Slovenia
59%
20 New Zealand
58%
16 Nigeria
43%
15 South Korea
42%
17 Puerto Rico
38%
15 Venezuela
32%
14 Cuba
31%
18 Angola
28%
5 Czech Republic
24%
18 Dominican Republic
24%
17 Senegal
17%
12 Belarus
14%
No matching quizzes found
Score Distribution
Percent of People with Each Score
Percentile by Number Answered
Your Score History
You have not taken this quiz